| 000 | 01290nam a2200253Ia 4500 | ||
|---|---|---|---|
| 003 | Ost | ||
| 005 | 20260507074908.0 | ||
| 008 | 260507s9999||||xx |||||||||||||| ||und|| | ||
| 020 | _a9957116827 | ||
| 040 | _cfsecg | ||
| 041 | _aara | ||
| 082 | _a657 | ||
| 100 |
_aمطر، محمد عطية _eمؤلف |
||
| 245 | 0 |
_aمبادئ المحاسبة المالية : _bمشاكل الإعتراف والقياس والإفصاح / _c محمد عطية مطر |
|
| 250 | _aطبعة 4 | ||
| 260 |
_aعمان: _bدار وائل للنشر والتوزيع, _c2007 |
||
| 300 |
_a406 صفحة؛ _bإيضاحات ؛ _c25 سم |
||
| 504 | _aببليوغرافيا: ص.401 ؛ملاحق ص.379 | ||
| 520 | _aالتسويات الجردية، المحاسبة عن الإيرادات والمصروفات، المحاسبة عن الأصول المتداولة أو قصيرة الأجل، المحاسبة عن الإستثمارات طويلة الأجل، المحاسبة عن الأصول طويلة الأجل، المحاسبة عن المطلوبات، المحاسبة عن حقوق الملكية، القوائم المالية الختامية | ||
| 653 | _aالإستثمارات | ||
| 653 | _aالمحاسبة | ||
| 653 | _aالمحاسبة -المالية | ||
| 942 | _cكتاب | ||
| 999 |
_c41717 _d41717 |
||